| 000 | 01016nam a2200205 i 4500 | ||
|---|---|---|---|
| 001 | 56143 | ||
| 003 | ES-MaACL | ||
| 005 | 20231227062627.0 | ||
| 007 | t| | ||
| 008 | 031003m19491967sp ||||1| spa d | ||
| 100 | 1 |
_aDíaz-Plaja, Guillermo, _d1909-1984 _9162428 |
|
| 245 | 1 | 0 |
_aHistoria general de las literaturas hispánicas / _cpublicada bajo la dirección de Guillermo Díaz-Plaja ; con una introducción de Ramón Menéndez Pidal. |
| 260 |
_aBarcelona : _bBarna, _c1949-[67] ( _fS.A.D.A.G.) |
||
| 300 |
_a6 t., en 7 v. ; _c27 cm. |
||
| 505 | 8 | _aContiene: T. I: Desde los orígenes hasta 1400. -- T. II: Pre-Renacimiento y Renacimiento. T. III: Renacimiento y Barroco. -- T. IV: Siglos XVIII y XIX: primera parte ; Siglos XVIII y XIX: segunda parte. -- T. V: Post-Romanticismo y Modernismo. -- T. VI: Literatura contemporánea | |
| 700 | 1 |
_aMenéndez Pidal, Ramón, _d1869-1968 _980315 |
|
| 852 |
_aES-MaACL _jG-4027-33 _bR.40332 |
||
| 852 |
_aES-MaACL _jP-1052-Bis _z.- (Vol. 1,2,3) |
||
| 999 |
_c56143 _d56143 |
||